000 00779nam a2200217 a 4500
008 951214s1988||||[C 0 slo c
020 _c17 Kčs.
_q(18000 výtl.)
040 _aSNK
_bslo
_cSNK
_eAACR2
041 1 _aslo
_hrus
044 _axo
_cSK
080 _a141.82(081)
100 1 _aLenin, Vladimir Iľjič
_4aut
245 1 0 _aZobrané spisy. /Zv./ 43
_bMarec - jún 1921
_cVladimir Iľjič Lenin ; Samuel Dúbrava, Oto Takáč
250 _a2., vyd.
260 _aBratislava
_bPravda
_c1988
_eBratislava
_fPravda
300 _a696 s., 28,78 AH
_c21 cm
500 _aLit. 240. Zozn. Pozn. Reg.lit. prác a prameňov a men. Životopis. údaje. Faksim. rkp. 240 zázn. v slov., češ. a ruš.
700 1 _aDúbrava, Samuel
_4trl
700 1 _aTakáč, Oto
_4bkd
958 _aA
999 _c15458
_d15458